000 00289nam a22001337a 4500
008 180927b xxu||||| |||| 00| 0 eng d
020 _a9780805862959
041 _aeng
080 _a370
100 _a57
101 _aEDU
245 _aMedia Writing
_cWhitarker.W.E
942 _2udc
_cBK
999 _c48567
_d48567